Informačné zdroje
Knižnično-informačné systémy ako základný nástroj tvorby, uchovávania a sprostredkovania spoločenského poznania - dokumentografické, faktografické, expertné. Funkcie knižnično-informačných stredísk v rámci inštitúcie. Informačné zdroje a služby organizačno-dokumentačného oddelenia Inštitútu menových...
Salvato in:
| Autore principale: | |
|---|---|
| Natura: | Capitolo di libro |
| Lingua: | slovacco |
| Soggetti: | |
| Tags: |
Nessun Tag, puoi essere il primo ad aggiungerne!!
|
MARC
| LEADER | 00000naa a2200000 4500 | ||
|---|---|---|---|
| 001 | r022326 | ||
| 005 | 20221205114641.7 | ||
| 041 | 0 | |a slo | |
| 044 | |a SK | ||
| 245 | 1 | 0 | |a Informačné zdroje |c Z. Mušutová |
| 520 | |a Knižnično-informačné systémy ako základný nástroj tvorby, uchovávania a sprostredkovania spoločenského poznania - dokumentografické, faktografické, expertné. Funkcie knižnično-informačných stredísk v rámci inštitúcie. Informačné zdroje a služby organizačno-dokumentačného oddelenia Inštitútu menových a finančných štúdií NBS. | ||
| 610 | 2 | 0 | |a činnosť informačná |
| 610 | 2 | 0 | |a zdroje informácií |
| 610 | 2 | 0 | |a systémy informačné |
| 610 | 2 | 0 | |a báza dát |
| 610 | 2 | 0 | |a IMFŠ NBS Bratislava |
| 610 | 2 | 0 | |a služby informačné |
| 610 | 2 | 0 | |a banky |
| 100 | 1 | |a Mušutová, Z. | |